000 01061cam a2200289 4500
001 gs 68000190
003 DLC
005 20260227111422.0
008 700123s1968 dcuab b 00110 eng
010 _ags 68000190 //r935
040 _aDLC
_cDLC
_dDLC
050 0 0 _aTC801
_b.U2 no. 1854
082 0 0 _a551.4/9/0979244
100 1 0 _aMower, R. W.
_q(Reed W.),
_d1924-
245 1 0 _aGround-water hydrology of the Sevier Desert, Utah,
_cby R. W. Mower and R. D. Feltis.
260 0 _aWashington,
_bU.S. Dept. of the Interior,
_c1968.
300 _av, 75 p.
_billus., maps
_c24 cm.
440 0 _aGeological Survey water-supply paper ;
_v1854
500 _aPart of illustrative matter fold., part. col. in pocket.
500 _aPrepared in cooperation with the Utah State Engineer.
500 _aIn portfolio.
504 _aBibliography: p. 71-72.
650 0 _aGroundwater
_zUtah
_zSevier Desert.
650 0 _aWater-supply
_zUtah
_zSevier Desert.
700 1 0 _aFeltis, R. D.
_q(Richard D.),
_d1930-
_ejoint author.
710 1 0 _aUtah.
_bState Engineer's Office.
999 _c30436
_d30436